000 01046nam0a2200337 4500
001 RU\NLR\bibl\511986
005 20260405072615.0
010 _a5-7654-3285-9
_915000
021 _aRU
_b2003-67337
_93323
035 _aRSL-KNO-002386520
035 _a(NLR Aleph) 000504476
090 _a1194161
_c1194161
100 _a20031201d2003 |||y0rusy50 ca
101 0 _arus
102 _aRU
105 _ay |||||||||
106 _ar
200 1 _aСхимник
_fАнхель де Куатьэ
210 _aСПб.
_cНева
_d2003
_eПФ Красный пролетарий
215 _a187,[2] с.
_cил.
_d17
225 1 _aВ поисках скрижалей
309 _aНа тит.л.: Кн. 1
686 _aШ6(2=Р)75-440.4
700 1 _4070
_8rus
_7ca
_aКуатьэ
_bА. де
_gАнхель де
_f1974-
_3RU\NLR\auth\7719309
_92381
801 0 _aRU
_bRuMoRKP
_c20031201
_gPSBO
801 1 _aRU
_bRuMoRKP
_c20031201
801 2 _aRU
_bNLR
_c20040415
_gPSBO
942 _cBOOK
980 _aNB